| 000 | 00570 a2200169 4500 | ||
|---|---|---|---|
| 003 | OSt | ||
| 005 | 20230919122249.0 | ||
| 008 | 230919b |||||||| |||| 00| 0 eng d | ||
| 020 | _a9781032189611 | ||
| 040 | _coclc | ||
| 082 |
_a720.9546 _bHAM/S |
||
| 100 |
_aHamdani, Hakim Sameer, _99517 |
||
| 245 |
_aThe syncretic traditions of Islamic religious architecture of Kashmir _b(early 14th-18th century) / Hakim Sameer Hamdani |
||
| 260 |
_aNew York: _bRoutledge, _c2023. |
||
| 300 | _a216 p | ||
| 942 |
_2ddc _cBK _h720.9546 _iHAM/S _k720.9546 _mHAM/S |
||
| 999 |
_c42289 _d42289 |
||